=LDR 00000nam 2200000 4500 =001 INLIS000000000045720 =005 20171018025851 =035 ##$$a 0010-021500000000280 =020 ##$$a 978-602-8356-06-0 =040 ##$$a NBPDMAT =082 ##$$a 621.312 5 =090 ##$$a 621.312 5$b ind r =100 ##$$a Indriyatomo D =245 ##$$a Kontroversi Seputer PLTN : $b Oleh D. Indriyatomojain ; Editor, A. Handoyo =250 ##$$a Cet. 1 =260 ##$$a Jakarta :$b Nobel Edumedia,$c 2008 =300 ##$$a 266 hlm =990 ##$$a 21420112 =990 ##$$a 21420113 =990 ##$$a 21420114 =990 ##$$a 21420115 =990 ##$$a 21420116 =990 ##$$a 1276112761 =990 ##$$a 74727472 =990 ##$$a 21420114 =990 ##$$a 21420112 =990 ##$$a 21420113 =990 ##$$a 21420115 =990 ##$$a 21420116 =990 ##$$a 01201436150 =990 ##$$a 01201807472